| 000 | 00590nam a22001937a 4500 | ||
|---|---|---|---|
| 001 | 000589 | ||
| 003 | DO-SdBNP | ||
| 005 | 20180201135913.0 | ||
| 007 | 000589 | ||
| 008 | 161021b 1992 pr a ||||| |||| 00| 0 spa d | ||
| 040 |
_aBPMSU _bspa _cBPMSU |
||
| 100 | 1 | _aTorres Santiagos, José Manuel | |
| 245 | 0 | 0 |
_aMi abecé / _cJosé Manuel Torres Santiagos ; caligrafía Piri Delannoy. |
| 260 |
_aSan Juan, Puerto Rico : _bInstituto de Cultura Puertorriqueña, _c1992. |
||
| 300 |
_a71 p. : _bil. ; _c17 cm. |
||
| 942 |
_2ddc _cBK |
||
| 945 | _aInventariado, 2018 /LP | ||
| 956 |
_aLOPEREZ _b10 |
||
| 999 |
_c11657 _d11657 |
||